AN AUTOBIOGRAPHY OR THE STORY OF MY EXPERIMENTS WITH TRUTH (Record no. 5738)
[ view plain ]
| 000 -LEADER | |
|---|---|
| fixed length control field | 00317nam a22001217a 4500 |
| 082 ## - DEWEY DECIMAL CLASSIFICATION NUMBER | |
| Classification number | 920 |
| Item number | MAH/A |
| 100 ## - MAIN ENTRY--AUTHOR NAME | |
| Personal name | GANDHI M. K |
| 245 ## - TITLE STATEMENT | |
| Title | AN AUTOBIOGRAPHY OR THE STORY OF MY EXPERIMENTS WITH TRUTH |
| 260 ## - PUBLICATION, DISTRIBUTION, ETC. (IMPRINT) | |
| Place of publication | AHMEDABAD |
| Name of publisher | NAVAJIVAN PUBLISHING HOUSE |
| 300 ## - PHYSICAL DESCRIPTION | |
| Number of Pages | 463 |
| 650 ## - SUBJECT ADDED ENTRY--TOPICAL TERM | |
| Topical Term | AUTOBIOGRAPHY |
| Geographic subdivision | INDIA |
| 942 ## - ADDED ENTRY ELEMENTS (KOHA) | |
| Koha item type | Books |
| Withdrawn status | Lost status | Collection code | Home library | Current library | Shelving location | Date acquired | Source of acquisition | Full call number | Accession Number | Koha item type |
|---|---|---|---|---|---|---|---|---|---|---|
| Reference | Main Library | Main Library | SHELF-17-J-BIOGRAPHIES & AUTOBIOGRAPHIES | 18/05/2014 | PURCHASE | 920 MAH/A | 07844 | Books | ||
| Reference | Main Library | Main Library | SHELF-17-J-BIOGRAPHIES & AUTOBIOGRAPHIES | 25/10/2021 | PURCHASE | 920 MAH/A | 12452 | Books | ||
| Reference | Main Library | Main Library | SHELF-17-J-BIOGRAPHIES & AUTOBIOGRAPHIES | 25/10/2021 | PURCHASE | 920 MAH/A | 03848 | Books | ||
| Reference | Main Library | Main Library | SHELF-17-J-BIOGRAPHIES & AUTOBIOGRAPHIES | 14/08/2008 | PURCHASE | 920 MAH/A | 03850 | Books |